Malaysia's exclusive economic zone : A study in legal aspects

Bibliographic Details
Main Author: Hamzah bin Ahmad
Format: Book
Published: Petaling Jaya : Pelanduk Pub. , 1988
Subjects:

MARC

LEADER 00000cam a2200000 7i4500
001 0000000144
005 20000708.0
020 0 0 |a 9679781925 
090 0 0 |a 343.5951076   |b HAM 1988 
100 0 0 |a Hamzah bin Ahmad 
245 1 0 |a Malaysia's exclusive economic zone :   |b A study in legal aspects   |c Hamzah bin Ahmad 
260 0 0 |a Petaling Jaya :   |b Pelanduk Pub. ,   |c 1988 
300 |a 100 p. ;   |c 23 cm. 
500 0 0 |a Bibliography: [p. 96-98] and index 
650 0 0 |a Economic zones (Law of the sea)   |z Malaysia 
650 0 0 |a Fishery law and legislation   |z Malaysia 
650 0 0 |a Fishery law and legislation   |z Thailand 
999 |a 0000001350   |b Monograph   |c Open Shelf   |e Default branch